| 000 | 00732nam a2200205 4500 | ||
|---|---|---|---|
| 001 | 132396 | ||
| 003 | ES-MaACL | ||
| 005 | 20260601155230.0 | ||
| 007 | t| | ||
| 008 | 070214s1916 sp r ||||1| spa d | ||
| 100 | 1 |
_aRolland, Romain, _d1866-1944 _9239240 |
|
| 245 | 1 | 0 |
_aPor encima de las pasiones = (Au dessus de la Melée) / _cRomain Rolland ; versión castellana de Luis Delgado, J. Santonja ; prólogo de Ramón Pérez de Ayala. |
| 260 |
_aMadrid : _b[s.n.], _c1916 ( _fImp. Española) |
||
| 300 |
_a165 p. ; _c19 cm. |
||
| 700 | 1 |
_aDelgado, Luis. _943419 |
|
| 700 | 1 |
_aSantonja, J. _9103452 |
|
| 700 | 1 |
_aPérez de Ayala, Ramón, _d1880-1962 _990763 |
|
| 852 |
_aES-MaACL _jD-7419 _bR.30210 |
||
| 999 |
_c132396 _d132396 |
||